Pravica vytrestala Staromešťanov: Keď majú na odmeny, nedostanú z mesta nič! opozícia tvrdo kritizovala koalíciu za spôsob predloženia rozpočtu, ignorujúc mestskú radu a komisie

Bibliographic Details
Main Author: Némethová, Renáta (Author)
Format: Article
Language:Slovak
PhysicalDescription:Fotogr.
ISSN:1335-4566
Subjects:

MARC

LEADER 00000nab a2200000 a 4500
001 vtls008696706
003 SK-MaSNL
005 20260303074051.0
008 060428c20060428xo drz 0 0slo
038 |a KEVKJB 
040 |a KEVKJB  |b slo  |c KEVKJB  |e AACR2 
041 0 |a slo 
044 |a xo  |c SK 
080 |a 336.14  |2 2001 
100 1 |a Némethová, Renáta  |4 aut  |9 826895 
245 1 0 |a Pravica vytrestala Staromešťanov: Keď majú na odmeny, nedostanú z mesta nič!  |b opozícia tvrdo kritizovala koalíciu za spôsob predloženia rozpočtu, ignorujúc mestskú radu a komisie  |c Renáta Némethová 
300 |b Fotogr. 
650 0 7 |a rozpočet  |y 2006  |2 kevkjb  |9 1066753 
651 7 |a Košice (Slovensko)  |2 kevkjb  |9 18694 
651 7 |a Staré Mesto (Košice I, Slovensko)  |2 kevkjb  |9 160203 
773 0 |t Košický denník Korzár  |g Roč. IX, č. 98 (28.4.2006), s. 2  |x 1335-4566 
852 |a KEVKJB  |b KIS3GCP0 
999 |c 1770075  |d 1772005